LEADER 00880cam0-2200313---450- 001 990004960060403321 005 20090212122515.0 035 $a000496006 035 $aFED01000496006 035 $a(Aleph)000496006FED01 035 $a000496006 100 $a19990604d1975----km-y0itay50------ba 101 0 $aita 102 $aIT 105 $ay---e---00--- 200 1 $aAlessandro Manzoni$esegno di contraddizione$fAurelia Accame Bobbio 210 $aRoma$cStudium$dc1975 215 $a266 p.$d16 cm 225 1 $aNuova universale Studium$v9 610 0 $aManzoni, Alessandro 676 $a853.7 700 1$aAccame Bobbio,$bAurelia$f<1911-1999>$0191129 801 0$aIT$bUNINA$gRICA$2UNIMARC 901 $aBK 912 $a990004960060403321 952 $a853.7 MANZ/S 22$bFil. Mod. 36043$fFLFBC 959 $aFLFBC 996 $aAlessandro Manzoni$9528215 997 $aUNINA LEADER 01091nam0-2200337---450- 001 990008209640403321 005 20051020131936.0 010 $a88-87753-16-4 035 $a000820964 035 $aFED01000820964 035 $a(Aleph)000820964FED01 035 $a000820964 100 $a20051020d2000----km-y0itay50------ba 101 0 $aita 102 $aIT 105 $ay-------001yy 200 1 $aInfermieristica$equiz per l'autovalutazione$el'infermieristica in tasca$fM. Bianchini ... [et al.] 210 $aRoma$cSocietā Editrice Universo$dc2000 215 $aVI, 226 p., [14 c.]$d24 cm 300 $aIn cop.: Quiz di autovalutazione per infermiere professionale : oltre 1000 domande risolte per: concorsi, prove di esame e selezioni interne 610 0 $aQuiz 610 0 $aInfermieristica$aQuestionari 676 $a610.73$v12. rid. 702 1$aBianchini,$bMario$f<1961-> 801 0$aIT$bUNINA$gRICA$2UNIMARC 901 $aBK 912 $a990008209640403321 952 $a90 X 3a 31$b2831$fFMEBC 959 $aFMEBC 996 $aInfermieristica$9739628 997 $aUNINA